000 00317nam a2200133Ia 4500
005 20251222155038.0
008 251222s9999||||xx |||||||||||||| ||spa||
082 _aMEQ. 84
100 _aO.P.S.
245 0 _aAdel. Cli. Medicina Física y Rehabilitación
250 _a1ra. ed.
264 _bOPS/OMS
942 _cLIB
999 _c36814
_d36814